000 00566nam a2200181Ia 4500
003 GCL
008 140319s9999 xx 000 0 ara d
040 _aGCL /
_cGCL
082 0 4 _a327.101
_bا ر
100 1 _aاحمد صدقى الدجانى
245 1 0 _aرؤى مستقبلية عربية للثمانينات /
_cاحمد صدقى الدجانى
260 _a[S.N] :
_bدار المستقبل العربى ،
_c1983
300 _a184 ص
490 _a
650 0 4 _aالشرق الاوسط
650 0 4 _aالعلاقات الدولية
942 _2ddc
_cBK
999 _c43954
_d43954